| 000 | 00971nam a22002777a 4500 | ||
|---|---|---|---|
| 005 | 20111213151446.0 | ||
| 008 | 111213t xxu||||| |||| 00| 0 eng d | ||
| 010 | _aENG-104314 | ||
| 020 |
_a9780198080367 _c395.00 |
||
| 020 |
_a0198080360 _c395.00 |
||
| 035 | _aEN-87847 | ||
| 037 | _bDBAD / PUB | ||
| 040 |
_adpl _bEnglish |
||
| 082 | _a327.54 | ||
| 100 | _928493 | ||
| 245 |
_aIndia's foreign policy : _cedited by Sumit Ganguly _bretrospect and prospect / |
||
| 260 |
_aNew Delhi _bOxford University Press _c2012 |
||
| 270 |
_aYMCA Library Building, Jai Singh Road _bNew Delhi _e110001 |
||
| 300 |
_axv,347p. _c22cm (pbk) |
||
| 500 | _aIncludes bibliographical references | ||
| 650 | _928496 | ||
| 650 | _928522 | ||
| 700 |
_928520 _aGanguly, Sumit |
||
| 942 |
_2ddc _cEN _mIND _h327.54 |
||
| 999 |
_c59420 _d59420 |
||